Introduction to Fluid mechanics / (Record no. 168718)
[ view plain ]
| 000 -LEADER | |
|---|---|
| fixed length control field | 00737nam a2200253 a 4500 |
| 008 - FIXED-LENGTH DATA ELEMENTS--GENERAL INFORMATION | |
| fixed length control field | |
| 020 ## - INTERNATIONAL STANDARD BOOK NUMBER | |
| International Standard Book Number | 9780521192453 (paperback) |
| 040 ## - CATALOGING SOURCE | |
| Original cataloging agency | Nust |
| Transcribing agency | NUST |
| 049 ## - LOCAL HOLDINGS (OCLC) | |
| Holding library | MAIN |
| 090 ## - LOCALLY ASSIGNED LC-TYPE CALL NUMBER (OCLC); LOCAL CALL NUMBER (RLIN) | |
| Classification number (OCLC) (R) ; Classification number, CALL (RLIN) (NR) | TA357 |
| Local cutter number (OCLC) ; Book number/undivided call number, CALL (RLIN) | KAT |
| 003 - CONTROL NUMBER IDENTIFIER | |
| control field | |
| 005 - DATE AND TIME OF LATEST TRANSACTION | |
| control field | 20230123141147.0 |
| 100 1# - MAIN ENTRY--PERSONAL NAME | |
| Personal name | Katz, Joseph. |
| 245 10 - TITLE STATEMENT | |
| Title | Introduction to Fluid mechanics / |
| Statement of responsibility, etc. | Katz, Joseph. |
| 260 ## - PUBLICATION, DISTRIBUTION, ETC. | |
| Place of publication, distribution, etc. | New York : |
| Name of publisher, distributor, etc. | Cambridge, |
| Date of publication, distribution, etc. | 2010 |
| 300 ## - PHYSICAL DESCRIPTION | |
| Extent | ix, 441 pages : |
| Other physical details | illustrations ; |
| Dimensions | 26cm |
| 336 ## - CONTENT TYPE | |
| Content type term | text |
| Content type code | txt |
| Source | rdacontent |
| 337 ## - MEDIA TYPE | |
| Media type term | unmediated |
| Media type code | n |
| Source | rdamedia |
| 338 ## - CARRIER TYPE | |
| Carrier type term | volume |
| Carrier type code | nc |
| Source | rdacontent |
| 500 ## - GENERAL NOTE | |
| General note | Includes index. |
| 650 #1 - SUBJECT ADDED ENTRY--TOPICAL TERM | |
| Topical term or geographic name entry element | Fluid mechanics |
| 907 ## - LOCAL DATA ELEMENT G, LDG (RLIN) | |
| a | .b10400096 |
| b | 28-10-21 |
| c | 25-03-21 |
| 942 ## - ADDED ENTRY ELEMENTS (KOHA) | |
| Koha item type | Ordinary Loan Books |
| Call number prefix | TA357 |
| Call number suffix | KAT |
| Date last seen | Total Checkouts | Full call number | Barcode | Cost, replacement price | Price effective from | Koha item type | Lost status | Source of classification or shelving scheme | Damaged status | Not for loan | Collection | Withdrawn status | Home library | Current library | Shelving location | Date acquired | Cost, normal purchase price |
|---|---|---|---|---|---|---|---|---|---|---|---|---|---|---|---|---|---|
| 01/23/2023 | TA357 KAT | 92004046962 | 80.00 | 01/23/2023 | BOOKS | LCC | NFIC | MAIN | MAIN | GEN | 01/23/2023 | 80.00 |